000 00509 a2200157 4500
005 20250612074608.0
020 _a978-1-292-43955-6
082 _a658.45 DEV
100 _aDEVITO, J. A.
245 _aThe Interpersonal Communication Book
250 _a16th Ed.
260 _aLondon,
_bPearson,
_c2022.
300 _a430p.: ill.; figure, picture, table.
_bGlossary, index, references.
_c28cm.
856 _yAccess online book
_fThe Interpersonal Communication Book
_dhttps://support.pearson.com
942 _2ddc
_cBKS
999 _c3812
_d3812